zpět

Detail výsledku týmu

Chicago Bar & Grill ÚT, Liberec

Datum a čas kvízu

19.5 Celkem bodů Celkový počet nahraných bodů na tomto kvízu bez doplňovacích otázek.
9. Pořadí na kvízu Konečné umístění týmu na tomto kvízu.

Zaznamenané odpovědi

# Otázka Odpověď Body Výsledky
1. Tento týden samozřejmě nesmí c... Dagmar Hájková 0
2. První dámu Francie Brigitte Ma... že je žena 0
3. V noci z neděle na pondělí min... Adolescent (Adolescence) 0
4. Finská firma Bluefors uzavřela... na Měsíci 0
5. Českému hokejistovi Jakubu Lau... Michigan 0
6. Ve spolupráci s Radou Evropy j... 1B 2C 3D 4A 1
7. Pokud vám prozradíme, že červe... július 1
8. Jak se na V jmenuje autonomní... Vojvodina 0
9. Která z těchto knih nebyla nap... B 1
10. Pozoruhodným jazykem je velšti... slunéčko (beruška) 0